Analýza vybraných demografických procesov na Slovensku
Vývoj vybraných demografických ukazovateľov Slovenska od roku 1960 vykazuje výrazné zmeny. V dôsledku zmien sa zvyšuje index starnutia a dochádza k prudkému poklesu podielu predproduktívnej zložky obyvateľstva (0-14 ročných) na produktívnej zložke obyvateľstva (15-64 ročných).
Gespeichert in:
| 1. Verfasser: | |
|---|---|
| Weitere Verfasser: | |
| Format: | Buchkapitel |
| Sprache: | Slowakisch |
| Schlagworte: | |
| Tags: |
Keine Tags, Fügen Sie das erste Tag hinzu!
|
MARC
| LEADER | 00000naa$a2200000$$$4500 | ||
|---|---|---|---|
| 001 | 0160831 | ||
| 005 | 20240502072806.6 | ||
| 041 | 0 | |a slo | |
| 044 | |a SK | ||
| 245 | 1 | 0 | |a Analýza vybraných demografických procesov na Slovensku |c Silvia Megyesiová, Vanda Lieskovská |
| 520 | |a Vývoj vybraných demografických ukazovateľov Slovenska od roku 1960 vykazuje výrazné zmeny. V dôsledku zmien sa zvyšuje index starnutia a dochádza k prudkému poklesu podielu predproduktívnej zložky obyvateľstva (0-14 ročných) na produktívnej zložke obyvateľstva (15-64 ročných). | ||
| 610 | 2 | 0 | |a ukazovatele demografické |
| 610 | 2 | 0 | |a vývoj populačný |
| 610 | 2 | 0 | |a starnutie populácie |
| 610 | 2 | 0 | |a pôrodnosť |
| 610 | 2 | 0 | |a obyvateľstvo aktívne |
| 610 | 2 | 0 | |a obyvateľstvo neaktívne |
| 610 | 2 | 0 | |a Slovensko |
| 100 | 1 | |a Megyesiová, Silvia, 1969- | |
| 700 | 1 | |a Lieskovská, Vanda, 1961- | |